| 000 | 00985 a2200193 4500 | ||
|---|---|---|---|
| 003 | Nust | ||
| 005 | 20220812124622.0 | ||
| 010 | _a 91011675 | ||
| 020 | _a0830621903 (p) : | ||
| 040 | _cNust | ||
| 082 | 0 | 0 | _a005.133,DOR |
| 100 | 1 |
_aDorfman, Len. _936821 |
|
| 245 | 1 | 0 |
_aOptimizing Microsoft C libraries / _cby Len Dorfman. |
| 260 |
_aBlue Ridge Summit, PA : _bWindcrest, _cc1991. |
||
| 300 |
_ax, 340 p. ; _c25 cm. |
||
| 505 | _aIntroduction To Optimization (Page-1), Library Header Files (Page-63), Active Cursor- Management Functions (Page-81), Foundation Screen Handling Routines (Page-107), Foundation Keyboard Routines (Page-137), Foundation Rectangle Routines (Page-159), Fundamental Window Creation Functions (Page-179), Foundation Mouse Routines (Page-225), Mouse And Keyboard Driven Lotus Style Interface Routines (Page-265), Menubar/ Drop Down Windows Interface Routines (Page-299). | ||
| 650 | 0 |
_aC (Computer program language) _91226 |
|
| 942 |
_2ddc _cBK _k005.133,DOR |
||
| 999 |
_c176652 _d176652 |
||